| 000 | 00415nam a22001697a 4500 | ||
|---|---|---|---|
| 003 | MACL | ||
| 005 | 20160115171123.0 | ||
| 008 | 160115b xxu||||| |||| 00| 0 eng d | ||
| 040 | _cMACL | ||
| 041 | _aEnglish | ||
| 082 | _a826/SHA | ||
| 100 |
_aSharma,Sandhya _932736 |
||
| 245 | _aA Complete Guide to Business Letters | ||
| 260 |
_aPanchkula _bBetter Books _c2011 |
||
| 650 |
_aLetters _932737 |
||
| 942 |
_2ddc _cBK |
||
| 999 |
_c52537 _d52537 |
||